[Event "WYCC U18 Girls 2013"]
[Site "Al-Ain UAE"]
[Date "2013.12.18"]
[Round "1.1"]
[White "Saduakassova, Dinara"]
[Black "Mendez Tovar, Jessica Yissel"]
[Result "1-0"]
[WhiteTitle "WGM"]
[BlackTitle "WFM"]
[WhiteElo "2357"]
[BlackElo "1887"]
[WhiteFideId "13700090"]
[BlackFideId "5113580"]
[EventDate "2013.12.18"]

1. d4 Nf6 2. c4 g6 3. Nc3 Bg7 4. e4 d6 5. Nf3 O-O 6. Be2 e5 7. O-O Nc6 8. d5 Ne7
9. b4 Ne8 10. c5 h6 11. Nd2 f5 12. Nc4 Nf6 13. f3 f4 14. Ba3 Ne8 15. b5 Rf6 16.
Qb3 Kh8 17. b6 axb6 18. cxd6 cxd6 19. Rab1 b5 20. Nxb5 g5 21. Nc3 h5 22. Nb6 Rb8
23. Qa4 g4 24. Qa7 gxf3 25. Qxb8 fxe2 26. Nxe2 Rg6 27. Rf2 f3 28. Ng3 h4 29. Nf5
Bh6 30. Rxf3 Nxf5 31. exf5 Rg8 32. Qxc8 Qg5 33. Qc2 1-0

[Event "WYCC U18 Girls 2013"]
[Site "Al-Ain UAE"]
[Date "2013.12.18"]
[Round "1.2"]
[White "Anjana Krishna, S"]
[Black "Ziaziulkina, Nastassia"]
[Result "0-1"]
[BlackTitle "WGM"]
[WhiteElo "1877"]
[BlackElo "2354"]
[WhiteFideId "5046424"]
[BlackFideId "13505211"]
[EventDate "2013.12.18"]

1. e4 c5 2. c3 Nf6 3. e5 Nd5 4. d4 cxd4 5. Qxd4 e6 6. Nf3 Nc6 7. Qe4 f5 8. Qe2
Be7 9. g3 O-O 10. Bg2 b6 11. O-O a5 12. Rd1 Ba6 13. Qe1 Qc7 14. b3 b5 15. Bb2
Rac8 16. Nbd2 a4 17. a3 axb3 18. Nxb3 Nb6 19. Bc1 Nc4 20. Ra2 N6xe5 21. Nxe5
Qxe5 22. Nd4 Qxe1+ 23. Rxe1 Bf6 24. Rd1 Nb6 25. Be3 Na4 26. Ne2 d5 27. Bd4 Bxd4
28. cxd4 b4 29. axb4 Bxe2 30. Rxe2 Nc3 31. Ree1 Nxd1 32. Rxd1 Rc4 33. b5 Rfc8
34. Bf1 Rc1 35. Rd3 Rb1 36. Kg2 Rxb5 37. Kf3 Rb2 38. Re3 Rcc2 39. Re2 Rxe2 40.
Bxe2 Rb3+ 41. Kf4 Kf7 42. h4 Kf6 43. Bf3 g6 44. g4 fxg4 45. Bxg4 Rd3 0-1

[Event "WYCC U18 Girls 2013"]
[Site "Al-Ain UAE"]
[Date "2013.12.18"]
[Round "1.3"]
[White "Klek, Hanna-Marie"]
[Black "Nikolovska, Dragana"]
[Result "1-0"]
[WhiteElo "2297"]
[BlackElo "1876"]
[WhiteFideId "24670057"]
[BlackFideId "15000133"]
[EventDate "2013.12.18"]

1. e4 c5 2. Nf3 d6 3. d4 cxd4 4. Nxd4 Nf6 5. Nc3 g6 6. Be3 Bg7 7. f3 Nc6 8. Qd2
O-O 9. O-O-O Nxd4 10. Bxd4 Be6 11. Kb1 Qc7 12. Nb5 Qc6 13. Be3 Rfc8 14. Nd4 Qa4
15. a3 a6 16. Nxe6 fxe6 17. g4 b5 18. Bd3 a5 19. Qe2 Rab8 20. Bc1 b4 21. Bc4 d5
22. Bb3 Qc6 23. g5 a4 24. gxf6 axb3 25. cxb3 exf6 26. exd5 exd5 27. a4 f5 28.
Bf4 Rb6 29. Rhe1 d4 30. Rc1 Qd7 31. Rxc8+ Qxc8 32. Qc4+ Qxc4 33. bxc4 b3 34. c5
Ra6 35. Re8+ Kf7 36. Rb8 Ke6 37. Rb6+ Rxb6 38. cxb6 d3 39. Kc1 1-0

[Event "WYCC U18 Girls 2013"]
[Site "Al-Ain UAE"]
[Date "2013.12.18"]
[Round "1.5"]
[White "Aranaz Murillo, Amalia"]
[Black "Machlik, Edit"]
[Result "1-0"]
[WhiteTitle "WIM"]
[WhiteElo "2262"]
[BlackElo "1855"]
[WhiteFideId "22200371"]
[BlackFideId "1513591"]
[EventDate "2013.12.18"]

1. Nf3 d5 2. c4 d4 3. b4 g6 4. d3 Bg7 5. g3 e5 6. Nbd2 c5 7. Bg2 Ne7 8. O-O O-O
9. bxc5 Na6 10. Nb3 Nc6 11. Ng5 f5 12. Bd5+ Kh8 13. Nf7+ Rxf7 14. Bxf7 e4 15.
Bd5 Nab4 16. dxe4 fxe4 17. Bxe4 Bh3 18. Re1 d3 19. exd3 Bxa1 20. Nxa1 Qf6 21.
Qd2 Kg8 22. Bb2 Nd4 23. Bxd4 1-0

[Event "WYCC U18 Girls 2013"]
[Site "Al-Ain UAE"]
[Date "2013.12.18"]
[Round "1.6"]
[White "Korbovljanovic, Natasa"]
[Black "Rodriguez Rueda, Paula Andrea"]
[Result "0-1"]
[BlackTitle "WIM"]
[WhiteElo "1854"]
[BlackElo "2257"]
[WhiteFideId "900486"]
[BlackFideId "4404564"]
[EventDate "2013.12.18"]

1. e4 c5 2. d4 cxd4 3. Nf3 d6 4. Nxd4 Nf6 5. Nc3 a6 6. Be2 e5 7. Nb3 Be7 8. O-O
O-O 9. Kh1 Qc7 10. f4 b5 11. Bf3 Bb7 12. a3 Nbd7 13. f5 Rfd8 14. Qe2 Rac8 15.
Bg5 h6 16. Bh4 Nb6 17. Nd2 Qd7 18. Rfd1 Bc6 19. Bf2 Qb7 20. Qe3 Nfd7 21. Rac1
Bg5 22. Qe2 Nf6 23. Be3 a5 24. Qf2 Bxe3 25. Qxe3 b4 26. axb4 axb4 27. Ne2 Re8
28. Ng3 d5 29. Re1 d4 30. Qb3 Na4 31. Nh5 Nxh5 32. Bxh5 Nc5 33. Qf3 Ra8 34. Qe2
Bb5 35. Qf2 Ra2 36. b3 Rc8 37. Qg3 f6 38. Be2 d3 39. Bd1 Nd7 40. Nc4 Bxc4 41.
cxd3 0-1

[Event "WYCC U18 Girls 2013"]
[Site "Al-Ain UAE"]
[Date "2013.12.18"]
[Round "1.7"]
[White "Bivol, Alina"]
[Black "Ruiz Olate, Emily Andrea"]
[Result "1-0"]
[WhiteTitle "WIM"]
[WhiteElo "2236"]
[BlackElo "1851"]
[WhiteFideId "4100123"]
[BlackFideId "3413535"]
[EventDate "2013.12.18"]

1. Nf3 Nc6 2. d4 d5 3. g3 Bg4 4. Bg2 Nf6 5. Ne5 Bh5 6. c4 Nxe5 7. dxe5 Nd7 8.
cxd5 Nxe5 9. Qd4 Qd6 10. Nc3 e6 11. Bf4 f6 12. Qa4+ Qd7 13. Qb3 exd5 14. Bxe5
fxe5 15. Qxb7 Rd8 16. Bxd5 Qd6 17. Bc6+ Kf7 18. Rd1 Qe7 19. O-O Bg4 20. Nd5 Rxd5
21. Bxd5+ Kf6 22. Qc6+ Be6 23. Qc4 h5 24. h3 Bf5 25. Be4 Qc5 26. Qxc5 Bxc5 27.
Bxf5 Kxf5 28. Rd5 Bb6 29. Kg2 Ke6 30. Rfd1 Rf8 31. e3 g6 32. b4 Rg8 33. Rd8 Rxd8
34. Rxd8 Ke7 35. Rd1 Ke6 36. Kf3 a5 37. bxa5 Bxa5 38. Ke4 c6 39. Rc1 Kd6 40. a4
Bb4 41. Rd1+ Ke6 42. Rd8 Be1 43. Re8+ Kf6 44. Rc8 Bxf2 45. a5 1-0

[Event "WYCC U18 Girls 2013"]
[Site "Al-Ain UAE"]
[Date "2013.12.18"]
[Round "1.8"]
[White "Nouman, Amna"]
[Black "Baraeva, Irina"]
[Result "0-1"]
[WhiteTitle "WFM"]
[BlackTitle "WIM"]
[WhiteElo "1833"]
[BlackElo "2211"]
[WhiteFideId "9301500"]
[BlackFideId "24142565"]
[EventDate "2013.12.18"]

1. e4 e6 2. d4 d5 3. Nd2 c5 4. exd5 Qxd5 5. dxc5 Bxc5 6. Ngf3 Nf6 7. Bc4 Qc6 8.
O-O Nbd7 9. Qe2 O-O 10. Re1 a6 11. a4 Nb6 12. Ne5 Qc7 13. Bd3 Nbd5 14. Ndf3 b6
15. Bd2 Bb7 16. Rab1 Nb4 17. Bxb4 Bxb4 18. c3 Be7 19. Rbd1 Nd5 20. Bb1 Rac8 21.
h4 Rfd8 22. h5 Nf4 23. Qc2 f5 24. Ba2 Bf6 25. Rxd8+ Qxd8 0-1

[Event "WYCC U18 Girls 2013"]
[Site "Al-Ain UAE"]
[Date "2013.12.18"]
[Round "1.9"]
[White "Ibrahimova, Sabina"]
[Black "Ruhlmann, Helene"]
[Result "1-0"]
[WhiteTitle "WIM"]
[WhiteElo "2205"]
[BlackElo "1830"]
[WhiteFideId "13403893"]
[BlackFideId "20643209"]
[EventDate "2013.12.18"]

1. e4 d5 2. exd5 Nf6 3. Nf3 Bg4 4. d4 Qxd5 5. Be2 Nc6 6. c4 Qh5 7. h3 O-O-O 8.
Be3 e5 9. d5 e4 10. Nfd2 Bxe2 11. Qxe2 Qe5 12. dxc6 Qxb2 13. cxb7+ Kb8 14. Nb3
Qe5 15. N1d2 Rd3 16. O-O Bd6 17. g3 Nh5 18. Nxe4 Qxe4 19. Bxa7+ 1-0

[Event "WYCC U18 Girls 2013"]
[Site "Al-Ain UAE"]
[Date "2013.12.18"]
[Round "1.10"]
[White "Alymbay, Kyzy Aizhan"]
[Black "Severina, Maria"]
[Result "1/2-1/2"]
[BlackTitle "WIM"]
[WhiteElo "1814"]
[BlackElo "2203"]
[WhiteFideId "13800043"]
[BlackFideId "4116909"]
[EventDate "2013.12.18"]

1. e4 g6 2. d4 Bg7 3. Nf3 d6 4. Nc3 a6 5. Be3 Nd7 6. Bc4 e6 7. O-O b5 8. Bb3 c5
9. a3 Bb7 10. Re1 c4 11. Ba2 Ne7 12. Rb1 O-O 13. b3 cxb3 14. cxb3 Rc8 15. Rc1
Qa5 16. Qd2 Nc6 17. Qb2 e5 18. b4 Qd8 19. Bg5 Qe8 20. Nd5 h6 21. Bh4 exd4 22.
Qd2 g5 23. Nxg5 hxg5 24. Bxg5 Kh7 25. Qf4 Rh8 26. Rxc6 Rxc6 27. Qf5+ Kg8 28.
Ne7+ Kf8 29. Ng6+ Kg8 1/2-1/2

[Event "WYCC U18 Girls 2013"]
[Site "Al-Ain UAE"]
[Date "2013.12.18"]
[Round "1.11"]
[White "Tomnikova, Lidia"]
[Black "Lepeskaite, Migle"]
[Result "1/2-1/2"]
[WhiteTitle "WFM"]
[WhiteElo "2167"]
[BlackElo "1810"]
[WhiteFideId "4113110"]
[BlackFideId "12803065"]
[EventDate "2013.12.18"]

1. e4 c6 2. d4 d5 3. Nc3 dxe4 4. Nxe4 Nd7 5. Nf3 Ngf6 6. Ng3 e6 7. Bd3 Be7 8. c3
Qc7 9. Qc2 c5 10. Qe2 b6 11. O-O Bb7 12. dxc5 Bxc5 13. Be3 O-O 14. Rad1 Ne5 15.
Nxe5 Qxe5 16. Bxc5 Qxe2 17. Bxe2 bxc5 18. Rd6 Rfd8 19. Rfd1 Rxd6 20. Rxd6 Kf8
21. Nh5 Ke7 22. Rd1 Nxh5 23. Bxh5 f6 24. Kf1 Rd8 25. Rxd8 Kxd8 26. g3 Ba6+ 27.
Be2 Bb7 28. Bd3 g6 29. Ke2 Ke7 30. Ke3 Kd6 31. h4 Bd5 32. b3 e5 33. h5 Bf7 34.
hxg6 hxg6 35. Bc2 a5 36. Bb1 f5 37. Bc2 Be8 38. Bd3 Bf7 39. Bc2 Be8 40. Bd3 1/2-1/2

[Event "WYCC U18 Girls 2013"]
[Site "Al-Ain UAE"]
[Date "2013.12.18"]
[Round "1.12"]
[White "Durmaz, Ayca Fatma"]
[Black "Xiao, Yiyi"]
[Result "0-1"]
[WhiteTitle "WCM"]
[BlackTitle "WFM"]
[WhiteElo "1799"]
[BlackElo "2163"]
[WhiteFideId "6317855"]
[BlackFideId "8606161"]
[EventDate "2013.12.18"]

1. c4 e6 2. Nf3 Nf6 3. g3 d5 4. b3 Be7 5. Bb2 O-O 6. Bg2 b6 7. O-O Bb7 8. d4
Nbd7 9. Nbd2 c5 10. e3 Rc8 11. Rc1 Ne4 12. Rc2 Ndf6 13. Qa1 dxc4 14. Nxc4 Bd5
15. dxc5 Bxc5 16. Rfc1 Qe7 17. Nce5 Qb7 18. h4 a5 19. Bd4 h6 20. Bxc5 Rxc5 21.
Rxc5 Nxc5 22. Ne1 Nfe4 23. Qb2 Rd8 24. Rd1 Rc8 25. Kh2 f6 26. Ng6 Qc7 27. Nf4
Bb7 28. f3 Nd6 29. Bh3 Re8 30. Qd2 Nf7 31. e4 Ba6 32. Rc1 Rd8 33. Qf2 Qd6 34.
Rc2 Ne5 35. Bf1 Bb7 36. Bb5 Nxe4 37. Qe2 Nd2 38. Bc4 Ndxf3+ 39. Nxf3 Nxf3+ 0-1

[Event "WYCC U18 Girls 2013"]
[Site "Al-Ain UAE"]
[Date "2013.12.18"]
[Round "1.13"]
[White "Castrillon Gomez, Melissa"]
[Black "Tarmastin, Laura"]
[Result "1-0"]
[WhiteTitle "WIM"]
[WhiteElo "2155"]
[BlackElo "1791"]
[WhiteFideId "4402413"]
[BlackFideId "1623001"]
[EventDate "2013.12.18"]

1. e4 e5 2. Nf3 Nc6 3. Bb5 a6 4. Ba4 Nf6 5. O-O b5 6. Bb3 Be7 7. Re1 O-O 8. h3
d6 9. c3 Na5 10. Bc2 c5 11. d4 Nc6 12. d5 Nb8 13. Nbd2 Re8 14. a4 Bb7 15. Qe2
Qd7 16. Nf1 c4 17. N3h2 Qc7 18. Ng4 Nbd7 19. Nfe3 Bf8 20. Nf5 Kh8 21. Qf3 Nxg4
22. hxg4 f6 23. Kh2 g5 24. Ng3 Qd8 25. Rh1 Be7 26. Kg1 Nf8 27. Rh6 Qd7 28. Nh5
Ng6 29. Bxg5 Rf8 30. Nxf6 Bxf6 31. Bxf6+ Kg8 32. g5 Rf7 33. Qh5 Nf4 34. Qh4 Rc8
35. g6 1-0

[Event "WYCC U18 Girls 2013"]
[Site "Al-Ain UAE"]
[Date "2013.12.18"]
[Round "1.14"]
[White "Comas Colon, Rinelly M."]
[Black "Juhasz, Barbara"]
[Result "0-1"]
[WhiteTitle "WFM"]
[BlackTitle "WFM"]
[WhiteElo "1790"]
[BlackElo "2152"]
[WhiteFideId "3101576"]
[BlackFideId "743585"]
[EventDate "2013.12.18"]

1. c4 e5 2. g3 Nc6 3. Bg2 g6 4. Nc3 Bg7 5. d3 d6 6. e4 h5 7. h4 Nd4 8. Be3 Ne7
9. b4 c6 10. Rb1 O-O 11. Qd2 Be6 12. Nge2 Nxe2 13. Nxe2 d5 14. cxd5 cxd5 15. d4
dxe4 16. Bxe4 Bd5 17. Bxd5 Qxd5 18. O-O Rfd8 19. Rfd1 Qe6 20. Qc2 Nf5 21. Rb3
Nxd4 22. Nxd4 exd4 23. Bg5 Re8 24. Rbd3 Qf5 25. Qb3 Re2 26. Rf3 Qe6 27. Qxe6
fxe6 28. a3 e5 0-1

[Event "WYCC U18 Girls 2013"]
[Site "Al-Ain UAE"]
[Date "2013.12.18"]
[Round "1.15"]
[White "Navrotescu, Andreea-Cristiana"]
[Black "Barbier, Astrid"]
[Result "1-0"]
[WhiteTitle "WFM"]
[WhiteElo "2147"]
[BlackElo "1789"]
[WhiteFideId "675946"]
[BlackFideId "200395"]
[EventDate "2013.12.18"]

1. d4 Nf6 2. Nf3 e6 3. e3 Be7 4. Bd3 O-O 5. O-O d5 6. b3 Nbd7 7. Bb2 b6 8. c4
Bb7 9. Nc3 Ne4 10. Nd2 Nxc3 11. Bxc3 Bf6 12. Qc2 g6 13. b4 e5 14. c5 e4 15. Be2
Bg7 16. b5 Nf6 17. a4 a6 18. a5 bxc5 19. dxc5 axb5 20. Bxb5 Ba6 21. Rfb1 Qe7 22.
Bd4 Qe6 23. Qc3 Rfd8 24. Ra2 Nh5 25. Bxg7 Nxg7 26. Bxa6 Rxa6 27. Rab2 Raa8 28.
Rb7 Ne8 29. R1b5 h5 30. Nb3 Qc8 31. Nd4 Qd7 32. h3 Ng7 33. Qa3 Ra6 34. c6 Qe8
35. Rxc7 Kh7 36. Rbb7 Kh6 37. Rxf7 Rda8 38. Rxg7 1-0

[Event "WYCC U18 Girls 2013"]
[Site "Al-Ain UAE"]
[Date "2013.12.18"]
[Round "1.16"]
[White "Bauer, Valentina"]
[Black "Michelle Catherina, P"]
[Result "0-1"]
[WhiteElo "1787"]
[BlackElo "2137"]
[WhiteFideId "1616935"]
[BlackFideId "5005736"]
[EventDate "2013.12.18"]

1. e4 e5 2. Nf3 Nc6 3. d4 exd4 4. Nxd4 Nf6 5. Nc3 Bb4 6. Nxc6 bxc6 7. Bd3 d5 8.
exd5 cxd5 9. O-O O-O 10. Bg5 c6 11. Qf3 Bd6 12. h3 Rb8 13. Rab1 h6 14. Bf4 Be6
15. b3 Re8 16. Bxd6 Qxd6 17. Rfe1 Bd7 18. a4 Re5 19. Rxe5 Qxe5 20. Ne2 c5 21.
Qf4 Qxf4 22. Nxf4 g5 23. Nxd5 Nxd5 24. Rd1 Be6 25. Kf1 a5 26. Ra1 Nb4 27. Ke2
Rd8 28. Rd1 Nxd3 29. Rxd3 Rxd3 30. Kxd3 f5 31. Kc3 Kf7 32. Kb2 f4 33. Ka3 Bd5
34. f3 h5 0-1

[Event "WYCC U18 Girls 2013"]
[Site "Al-Ain UAE"]
[Date "2013.12.18"]
[Round "1.17"]
[White "Baraeva, Marina"]
[Black "Kopnicka, Henrieta"]
[Result "1-0"]
[WhiteTitle "WIM"]
[WhiteElo "2136"]
[BlackElo "1776"]
[WhiteFideId "24142573"]
[BlackFideId "14923564"]
[EventDate "2013.12.18"]

1. d4 Nf6 2. c4 e5 3. dxe5 Ng4 4. Nf3 Bc5 5. e3 Nc6 6. Be2 Ngxe5 7. Nxe5 Nxe5 8.
O-O O-O 9. Nc3 a5 10. b3 Ra6 11. Qd5 Qe7 12. Ne4 Ba7 13. Bb2 Re6 14. Ng3 f5 15.
Bxe5 c6 16. Qxa5 Bxe3 17. fxe3 Rxe5 18. Qd2 Rxe3 19. Nxf5 Rxf5 20. Rxf5 Rxe2 21.
Qd3 d5 22. Rff1 Qc5+ 23. Kh1 Re3 24. Qd2 Be6 25. b4 Qa7 26. Qf2 h6 27. cxd5 cxd5
28. a4 d4 29. Qf8+ Kh7 30. Qd6 d3 31. a5 Qa6 32. Qc5 Re2 33. b5 b6 34. Qc6 Qc8
35. Qxc8 Bxc8 36. a6 Re8 37. Rfd1 Rd8 38. Kg1 Bf5 39. Ra4 Re8 40. Rd4 h5 41. Rd5
g6 42. Rxf5 gxf5 43. Rxd3 Kg7 44. Rd6 Rb8 45. Rd7+ Kf6 46. Rb7 1-0

[Event "WYCC U18 Girls 2013"]
[Site "Al-Ain UAE"]
[Date "2013.12.18"]
[Round "1.19"]
[White "Pratyusha, Bodda"]
[Black "Tuzi, Bruna"]
[Result "1-0"]
[BlackTitle "WCM"]
[WhiteElo "2128"]
[BlackElo "1754"]
[WhiteFideId "5000629"]
[BlackFideId "4701100"]
[EventDate "2013.12.18"]

1. e4 c5 2. Nf3 Nc6 3. d4 cxd4 4. Nxd4 Nf6 5. Nc3 e5 6. Ndb5 d6 7. Bg5 a6 8. Na3
b5 9. Nd5 Be7 10. Bxf6 Bxf6 11. c4 b4 12. Nc2 a5 13. g3 Bg5 14. Bg2 O-O 15. O-O
Ne7 16. Nce3 Bxe3 17. Nxe3 Be6 18. b3 Qb6 19. Nf5 Bxf5 20. exf5 Rad8 21. Qd3 Rd7
22. Rfd1 Rfd8 23. Rd2 Qc5 24. Rad1 a4 25. g4 axb3 26. axb3 Ra7 27. Qe3 Qc7 28.
Qxe5 Ra5 29. Rxd6 Re8 30. Qd4 h6 31. Qb6 Qxb6 32. Rxb6 1-0

[Event "WYCC U18 Girls 2013"]
[Site "Al-Ain UAE"]
[Date "2013.12.18"]
[Round "1.20"]
[White "Matisone, Dana"]
[Black "Lezhepekova, Veronika"]
[Result "0-1"]
[BlackTitle "WFM"]
[WhiteElo "1744"]
[BlackElo "2121"]
[WhiteFideId "11603526"]
[BlackFideId "24146137"]
[EventDate "2013.12.18"]

1. e4 c5 2. c3 Nf6 3. e5 Nd5 4. d4 cxd4 5. cxd4 d6 6. f4 Nc6 7. Nf3 Bg4 8. Be2
e6 9. Nc3 dxe5 10. fxe5 Bb4 11. Bd2 Bxf3 12. Bxf3 Qh4+ 13. Kf1 Qxd4 14. Nxd5
exd5 15. Bxb4 Qxb4 16. Qxd5 Qxb2 17. Re1 O-O 18. Re2 Qa1+ 19. Re1 Qc3 20. Kf2
Rad8 21. Qb5 Rd2+ 22. Kg3 Rb2 23. Qd5 Nd4 24. Qe4 Qd2 25. Rhf1 Rc8 26. h4 Nxf3
27. Rxf3 Qxg2+ 28. Kf4 Qh2+ 29. Kg4 Rc6 30. Qd5 h5+ 31. Kxh5 Rh6+ 32. Kg5 Qxh4+
33. Kf5 Rh5# 0-1

[Event "WYCC U18 Girls 2013"]
[Site "Al-Ain UAE"]
[Date "2013.12.18"]
[Round "1.21"]
[White "Dragieva, Denitza"]
[Black "Abdelmenaem, Sohayla"]
[Result "1-0"]
[WhiteTitle "WFM"]
[BlackTitle "WFM"]
[WhiteElo "2095"]
[BlackElo "1734"]
[WhiteFideId "2907232"]
[BlackFideId "10610529"]
[EventDate "2013.12.18"]

1. d4 d5 2. Nf3 Nf6 3. Bf4 Bf5 4. e3 e6 5. c4 c6 6. Nc3 Nbd7 7. Qb3 Qb6 8. c5
Qxb3 9. axb3 Be7 10. b4 Nh5 11. Be5 Nhf6 12. b5 cxb5 13. Nxb5 Nxe5 14. dxe5 Ne4
15. Nc7+ Kd7 16. Nxa8 Rxa8 17. Bb5+ Kd8 18. Nd4 Bxc5 19. Nxf5 exf5 20. Rd1 Ke7
21. Rxd5 Rd8 22. Rxd8 Kxd8 23. Ke2 a6 24. Rd1+ Ke7 25. Bd7 g6 26. Bc8 b6 27.
Bxa6 Ng5 28. Bc4 h5 29. Ra1 Ne6 30. Ra7+ Kf8 31. Bxe6 fxe6 32. Kd3 g5 33. Rh7 h4
34. Rh6 Kf7 35. Rf6+ Ke7 36. Rg6 g4 37. Rh6 Kd7 38. Rxh4 Ke7 39. Rh7+ Ke8 40. h3
gxh3 41. gxh3 1-0

[Event "WYCC U18 Girls 2013"]
[Site "Al-Ain UAE"]
[Date "2013.12.18"]
[Round "1.22"]
[White "Jayamurthey, Pavitranayagi"]
[Black "Nevioselaya, Maria"]
[Result "0-1"]
[WhiteElo "1694"]
[BlackElo "2088"]
[WhiteFideId "5708885"]
[BlackFideId "13502280"]
[EventDate "2013.12.18"]

1. e4 e5 2. Nf3 Nc6 3. Bc4 Bc5 4. d3 Nf6 5. Nc3 h6 6. O-O O-O 7. Be3 Bb6 8. h3
d6 9. Qd2 Be6 10. Bb3 d5 11. exd5 Nxd5 12. Nxd5 Bxd5 13. Bxd5 Qxd5 14. b4 Bxe3
15. fxe3 e4 16. Ne1 exd3 17. cxd3 a5 18. bxa5 Rxa5 19. Rf4 Rfa8 20. Rc4 b5 21.
Rc2 b4 22. Rc4 Ra3 23. e4 Qd6 24. Qc1 b3 25. Qb2 Rxa2 26. Rxa2 bxa2 27. Rc1 Qd4+
28. Qxd4 Nxd4 29. Kf2 a1=Q 30. Rxa1 Rxa1 31. g3 Rd1 32. Nf3 Nxf3 33. Kxf3 Rxd3+ 0-1

[Event "WYCC U18 Girls 2013"]
[Site "Al-Ain UAE"]
[Date "2013.12.18"]
[Round "1.23"]
[White "Botez, Alexandra"]
[Black "Orlina, Laura"]
[Result "1-0"]
[WhiteTitle "WFM"]
[WhiteElo "2086"]
[BlackElo "1694"]
[WhiteFideId "2603365"]
[BlackFideId "11601655"]
[EventDate "2013.12.18"]

1. d4 g6 2. c4 Bg7 3. f3 d6 4. e4 Nd7 5. Nc3 Ngf6 6. Be3 O-O 7. Nh3 c5 8. d5 a6
9. Be2 Ne5 10. Nf2 Rb8 11. a4 Qb6 12. a5 Qxb2 13. Na4 Nxf3+ 14. gxf3 Qxa1 15.
Qxa1 Nxd5 16. Qc1 b5 17. cxd5 bxa4 18. O-O Bb2 19. Qc2 a3 20. Bc4 Bd7 21. Nd3
Bb5 22. Nxb2 axb2 23. Rb1 Bxc4 24. Qxc4 Rb4 25. Qc2 Rfb8 26. Bd2 Rb3 27. Bc3 c4
28. Rxb2 1-0

[Event "WYCC U18 Girls 2013"]
[Site "Al-Ain UAE"]
[Date "2013.12.18"]
[Round "1.25"]
[White "Unapkoshvili, Nani"]
[Black "Schucman, Rebeca Lot"]
[Result "1-0"]
[WhiteElo "2081"]
[BlackElo "1672"]
[WhiteFideId "13605518"]
[BlackFideId "2140691"]
[EventDate "2013.12.18"]

1. d4 d5 2. c4 e6 3. Nf3 Nf6 4. g3 Be7 5. Bg2 O-O 6. O-O Nbd7 7. Qc2 c6 8. Rd1
Qc7 9. Bf4 Bd6 10. Bxd6 Qxd6 11. b3 e5 12. cxd5 e4 13. dxc6 exf3 14. cxd7 fxe2
15. Qxe2 Qxd7 16. Nc3 Rd8 17. Rac1 Qg4 18. Bf3 Qg5 19. Qe5 Qf5 20. Qxf5 Bxf5 21.
Bxb7 Rab8 22. Bf3 Rb6 23. d5 Kf8 24. Ne2 Rbd6 25. Nd4 Be4 26. Bxe4 Nxe4 27. Nc6
R8d7 28. Rc4 Nf6 29. Ne5 Re7 30. Nc6 Red7 31. Nb4 g6 32. Rc5 Ne4 33. Ra5 Rf6 34.
f4 Rb6 35. Nc2 Rbd6 36. Ne3 Nf6 37. Rd4 h5 38. Kf2 Ng4+ 39. Nxg4 hxg4 40. Ke3 f5
41. Rd2 Ke7 42. Kd4 Kf6 43. Rc2 Rb6 44. Rac5 Rdd6 45. Rc6 Ke7 46. Rxd6 Kxd6 47.
Rc6+ Rxc6 48. dxc6 a5 49. c7 Kxc7 50. Kc5 Kd7 51. Kb5 Kd6 52. Kxa5 Kd5 53. b4
Ke4 54. b5 Kf3 55. b6 Kg2 56. b7 Kxh2 57. b8=Q Kxg3 58. Qd6 Kf2 59. Qxg6 g3 60.
Qxf5 g2 61. Qc2+ 1-0

[Event "WYCC U18 Girls 2013"]
[Site "Al-Ain UAE"]
[Date "2013.12.18"]
[Round "1.26"]
[White "Abeer, Ali"]
[Black "Vujnovic, Patricija"]
[Result "0-1"]
[WhiteElo "1655"]
[BlackElo "2081"]
[WhiteFideId "9302930"]
[BlackFideId "14502313"]
[EventDate "2013.12.18"]

1. e4 c6 2. d4 d5 3. exd5 cxd5 4. c3 Nc6 5. Bd3 Nf6 6. Bf4 Bg4 7. Qb3 Qd7 8. Nd2
e6 9. Ngf3 Bxf3 10. Nxf3 Bd6 11. Bg3 O-O 12. O-O Bxg3 13. hxg3 a6 14. a4 Qc7 15.
Rfe1 Nd7 16. Qc2 h6 17. Qe2 Rac8 18. Qd1 Rb8 19. Rc1 b5 20. axb5 axb5 21. b4
Rfc8 22. Qc2 Qb7 23. Qe2 Nb6 24. Nd2 Nd7 25. f4 Nd8 26. Nb3 Qc6 27. Na5 Qb6 28.
Nb3 Nc6 29. Nc5 Nxc5 30. dxc5 Qb7 31. Ra1 d4 32. cxd4 Nxb4 33. Rab1 Nxd3 34.
Qxd3 b4 35. Rb3 Qb5 36. Qxb5 Rxb5 37. Reb1 Rcb8 38. Kf2 Kf8 39. Ke3 f6 40. Kd3
e5 41. Kc4 exd4 42. Kxd4 Rc8 43. Rc1 Ke7 44. Rc4 Rd8+ 45. Ke4 Rc8 46. Kd5 Kd7
47. Rbxb4 Rcxc5+ 48. Rxc5 Rxb4 49. Ra5 Rb7 50. Ra2 Ke7 51. Re2+ Kf7 52. g4 Rb3
53. Rf2 Rg3 54. g5 hxg5 55. fxg5 Rxg5+ 56. Ke4 Rg4+ 57. Kf3 f5 58. g3 Ra4 59.
Rc2 g5 60. Rc7+ Kg6 61. Rc6+ Kh5 62. Rc3 g4+ 63. Ke2 Ra2+ 64. Kd3 Rg2 65. Kd4
Kg5 66. Re3 Rf2 67. Kd3 Ra2 68. Kd4 Ra4+ 69. Ke5 Ra5+ 70. Kd4 f4 71. gxf4+ Kxf4
72. Re1 Ra4+ 73. Kd3 Ra3+ 74. Kd2 g3 75. Rf1+ Rf3 76. Rg1 Rf2+ 0-1

[Event "WYCC U18 Girls 2013"]
[Site "Al-Ain UAE"]
[Date "2013.12.18"]
[Round "1.27"]
[White "Leks, Maria"]
[Black "Yousfi, Yasmine"]
[Result "1-0"]
[WhiteTitle "WCM"]
[WhiteElo "2076"]
[BlackElo "1649"]
[WhiteFideId "1134957"]
[BlackFideId "7904134"]
[EventDate "2013.12.18"]

1. e4 c6 2. c4 d5 3. exd5 cxd5 4. cxd5 Nf6 5. Qa4+ Nbd7 6. Nc3 g6 7. Bc4 Bg7 8.
d3 O-O 9. Nf3 Nb6 10. Qb3 Bd7 11. O-O Qc7 12. Be3 Nc8 13. Rac1 a6 14. a4 Nd6 15.
Bb6 Qb8 16. Rfe1 Qe8 17. a5 Bf5 18. Bc5 Qc8 19. Na4 Nd7 20. Bxd6 exd6 21. Bxa6
Nc5 22. Nxc5 dxc5 23. Bxb7 Qb8 24. Rxc5 Bxd3 25. Qxd3 Qxb7 26. Qb5 Qa7 27. b4
Rfb8 28. Qc4 Bf8 29. Rc7 Rb7 30. d6 Rxc7 31. Qxc7 Qxc7 32. dxc7 Bxb4 33. Rc1 Rc8
34. a6 Ba5 35. a7 1-0